Brentford Trivia - Statistics

General Stats
  • This quiz has been taken 647 times
    93 since last reset
  • The average score is 7 of 18
Answer Stats
Question Answer % Correct
What is Brentford's nickname? The {Bees}
99%
Who is Brentford's record sale, joining Al-Ahli for £40m in 2024? Ivan Toney
90%
What is the name of Brentford's stadium? Brentford Community Stadium
82%
With which three clubs do Brentford contest the West London Derbies? Chelsea
81%
With which three clubs do Brentford contest the West London Derbies? Fulham
81%
Who is the current head coach of Brentford? Keith Andrews
72%
With which three clubs do Brentford contest the West London Derbies? Queens Park Rangers
70%
Who is Brentford's record signing, arriving from Club Brugge for £30m in 2024? Igor Thiago
49%
Who is the current captain of Brentford? Christian Nørgaard
41%
Which ground was Brentford's home from 1904 until 2020? Griffin Park
39%
Which future England manager captained Brentford from 1950 until 1952? Ron Greenwood
9%
The national airline of which country sponsored Brentford from 1984 until 1995? The Netherlands (KLM)
9%
Which Englishman is Brentford's record goalscorer with 163? Jim Towers
8%
Which Englishman is Brentford's record appearance-maker with 559? Ken Coote
6%
Who are the only two non-Europeans in the Brentford Hall of Fame? Lloyd Owusu
4%
Which Icelander is the only player to feature in both Brentford's top 10 signings and sales? Hermann Hreiðarsson
3%
Which former Labour MP served as Brentford chairman from 1961 until 1967? Jack Dunnett
3%
Who are the only two non-Europeans in the Brentford Hall of Fame? Marcus Gayle
1%
No matching quizzes found
Score Distribution
Percent of People with Each Score
Percentile by Number Answered
Your Score History
You have not taken this quiz since the last reset